| 000 | 00660nam a22001817a 4500 | ||
|---|---|---|---|
| 999 |
_c166882 _d166882 |
||
| 010 | _aENG-126162 | ||
| 020 |
_a978-81-8676-194-1 _c999.00 |
||
| 035 | _aEN-109694 | ||
| 037 | _bDBAD/PUB | ||
| 082 | _a155.24 | ||
| 100 | _aBrajBhushan | ||
| 245 |
_aPsychology of Adjustment/ _cby BrajBhusan[and]Alok Bajpai |
||
| 260 |
_aNew Delhi _bAne Books Pvt. Ltd. _c2019 |
||
| 270 |
_a4821, Parwana Bhawan, 1st Floor, 24 Ansari Road , Daeyaganj _bNew Delhi _e110002 _k+91(011)23276843-44 _l91(011) 23276863 _mKapoor@anebooks.com |
||
| 300 |
_avii+158p. _c24cm(pbk) _bill |
||
| 500 | _ait includes index and bibliography | ||
| 942 |
_2ddc _cEN _h155.24 _mBHU |
||